[Event "Wch U10 Girls"]
[Site "Batumi"]
[Date "2022.09.27"]
[Round "11"]
[White "Hwang, Yerin"]
[Black "Zavivaeva, Angelina"]
[Result "1-0"]
[WhiteElo "1183"]
[BlackElo "1038"]
[PlyCount "51"]
[EventDate "2022.09.16"]
[EventType "swiss"]
[EventRounds "11"]
[EventCountry "GEO"]
[SourceTitle "EXT 2023"]
[Source "ChessBase"]
[SourceDate "2022.10.05"]
[SourceVersion "1"]
[SourceVersionDate "2022.10.05"]
[SourceQuality "1"]

1. d4 c6 2. c4 d5 3. e3 e6 4. Nc3 Nf6 5. Nf3 Nbd7 6. Bd3 dxc4 7. Bxc4 b5 8. Bd3 Bd6 9. 0-0 0-0 10. Ne4 Nxe4 11. Bxe4 Bb7 12. Qc2 Nf6 13. Bd3 a6 14. e4 Be7 15. e5 Nd5 16. Bxh7+ Kh8 17. Be4 Rc8 18. Qe2 g6 19. Qd2 Kg8 20. Qh6 Qe8 21. h4 Bd8 22. h5 Rc7 23. Bg5 Qd7 24. Bxd5 Bxg5 25. Nxg5 f6 26. Bxe6+ 1-0